| 000 | 00655nam a2200205Ii 4500 | ||
|---|---|---|---|
| 003 | JO-AjNU | ||
| 008 | 230605s9999||||xx |||||||||||||| ||und|| | ||
| 040 |
_aJO-AjNU _bara _erda _cJO-AjNU |
||
| 041 | _aara | ||
| 050 | 1 | 4 | _aPJ7862.H58.A17 1900 |
| 100 | 3 |
_aمراجعة وضبط وتقديم باكثير،علي أحمد, _eauthor _919458 |
|
| 245 | 0 | 0 | _aديوان الشرنوبي |
| 264 | 3 | 1 | _aالقاهرة: مكتبة مصر،1900 |
| 300 | _a74ص | ||
| 336 |
_atext _btxt _2rdacontent |
||
| 337 |
_aunmediated _bn _2rdamedia |
||
| 338 |
_avolume _bnc _2rdacarrier |
||
| 490 | 0 | _aالألف كتاب(197) | |
| 650 | 4 |
_aالشعر العربي _919459 |
|
| 999 |
_aA6425 _c9993 _d9993 |
||